Facultad de Odontología.  Biblioteca.  Nodo central                      



header.jpg

Prevalencia de bruxismo y su tratamiento registrado en fichas clínicas de pacientes que fueron tratados en las clínicas de la Facultad de Odontología de la Universidad de San Carlos de Guatemala, en el año 2016 y 2017 / (Registro nro. 3252)

Detalles MARC
000 -LEADER
campo de control de longitud fija 01275nam a2200313Ia 4500
005 - FECHA Y HORA DE LA ÚLTIMA TRANSACCIÓN
campo de control 20240902120411.0
008 - DATOS DE LONGITUD FIJA--INFORMACIÓN GENERAL
campo de control de longitud fija 240730t2019||||xx |||||||||||||| ||spa||
040 ## - FUENTE DE CATALOGACIÓN
Centro catalogador/agencia de origen ODONTO
Lengua de catalogación spa
Centro/agencia transcriptor ODONTO
Centro/agencia modificador ODONTO
041 ## - CÓDIGO DE IDIOMA
Código de lengua del texto/banda sonora o título independiente spa
084 ## - OTRO NÚMERO DE CLASIFICACIÓN
Número de clasificación T2735
100 ## - ENTRADA PRINCIPAL--NOMBRE DE PERSONA
Nombre de persona Ajá Velasquez, Karla Noemí
9 (RLIN) 8900
245 #0 - MENCIÓN DEL TÍTULO
Título Prevalencia de bruxismo y su tratamiento registrado en fichas clínicas de pacientes que fueron tratados en las clínicas de la Facultad de Odontología de la Universidad de San Carlos de Guatemala, en el año 2016 y 2017 /
Mención de responsabilidad, etc. Karla Noemí Ajá Velasquez. --
260 ## - PUBLICACIÓN, DISTRIBUCIÓN, ETC.
Lugar de publicación, distribución, etc. Guatemala :
Nombre del editor, distribuidor, etc. USAC,
Fecha de publicación, distribución, etc. 2019
300 ## - DESCRIPCIÓN FÍSICA
Extensión 53 p. :
Otras características físicas il. ;
Dimensiones 28 cm.
336 ## - TIPO DE CONTENIDO
Término de tipo de contenido Texto
337 ## - TIPO DE MEDIO
Nombre/término del tipo de medio Sin mediación
338 ## - TIPO DE SOPORTE
Nombre/término del tipo de soporte Volumen
502 ## - NOTA DE TESIS
Nota de tesis Tesis (Cirujano Dentista) -- Universidad de San Carlos de Guatemala.
650 02 - PUNTO DE ACCESO ADICIONAL DE MATERIA--TÉRMINO DE MATERIA
Término de materia o nombre geográfico como elemento de entrada Bruxismo
9 (RLIN) 8901
650 02 - PUNTO DE ACCESO ADICIONAL DE MATERIA--TÉRMINO DE MATERIA
Término de materia o nombre geográfico como elemento de entrada Desgaste de los dientes
9 (RLIN) 9550
650 02 - PUNTO DE ACCESO ADICIONAL DE MATERIA--TÉRMINO DE MATERIA
Término de materia o nombre geográfico como elemento de entrada Oclusión dental
9 (RLIN) 390
650 02 - PUNTO DE ACCESO ADICIONAL DE MATERIA--TÉRMINO DE MATERIA
Término de materia o nombre geográfico como elemento de entrada Fracturas de los dientes
9 (RLIN) 1064
650 02 - PUNTO DE ACCESO ADICIONAL DE MATERIA--TÉRMINO DE MATERIA
Término de materia o nombre geográfico como elemento de entrada Traumatismo de los dientes
9 (RLIN) 1762
700 ## - ENTRADA AGREGADA--NOMBRE PERSONAL
Nombre de persona Ávila González, José Fernando,
9 (RLIN) 8902
700 ## - ENTRADA AGREGADA--NOMBRE PERSONAL
Fechas asociadas al nombre asesor
9 (RLIN) 8903
856 ## - LOCALIZACIÓN Y ACCESO ELECTRÓNICOS
Identificador Uniforme de Recursos <a href="http://www.repositorio.usac.edu.gt/id/eprint/12252">http://www.repositorio.usac.edu.gt/id/eprint/12252</a>
Nota pública Texto completo
942 ## - ELEMENTOS DE ENTRADA SECUNDARIOS (KOHA)
Código de la institución [OBSOLETO] Biblioteca Facultad de Odontología
Tipo de ítem Koha TESIS
Suprimir en OPAC No
Prefijo de la signatura T2735
Fuente del sistema de clasificación o colocación Clasificación Decimal Dewey
Existencias
Estatus retirado Estado de pérdida Estado de daño No para préstamo Biblioteca de origen Biblioteca actual Ubicación en estantería Fecha de adquisición Fuente de adquisición Número de inventario Total de préstamos Signatura topográfica completa Código de barras Visto por última vez Tipo de ítem Koha Nota pública Precio de reemplazo
        Biblioteca de la Facultad de Odontología Biblioteca de la Facultad de Odontología Documento de Graduación 30/10/2019 Graduandos. Donación 10-H-s.n.   T2735 T00006197 30/07/2024 TESIS Consulta en sala  
        Biblioteca de la Facultad de Odontología Biblioteca de la Facultad de Odontología CD 30/10/2019 Graduandos. Donación 10-H-s.n.   T2735 C00001450 02/09/2024 Materiales visuales Consulta en sala 02/09/2024